Hommage à La Borde : La psychothérapie institutionnelle en acte (notice n° 2085100)

détails MARC
000 -LEADER
fixed length control field 01406cam a2200133 4500500
005 - DATE AND TIME OF LATEST TRANSACTION
control field 20260405005617.0
041 ## - LANGUAGE CODE
Language code of text/sound track or separate title fre
042 ## - AUTHENTICATION CODE
Authentication code dc
100 10 - MAIN ENTRY--PERSONAL NAME
Personal name de Luca Bernier, Catherine
Relator term author
245 00 - TITLE STATEMENT
Title Hommage à La Borde : La psychothérapie institutionnelle en acte
260 ## - PUBLICATION, DISTRIBUTION, ETC.
Name of publisher, distributor, etc. Champ social,<br/>
Date of publication, distribution, etc. 2024.<br/>
520 ## - SUMMARY, ETC.
Summary, etc. Témoigner d’une expérience avec la Psychothérapie institutionnelle, en montrer son actualité et sa pertinence en différents champs (psychiatrique, pédagogique, rééducatif) : telle est l’intention de cet ouvrage. On y trouvera un recueil de vignettes cliniques, évoquant des existences singulières, situées pour la plupart à La Borde ou ailleurs, toujours empreintes des concepts qui y ont cours et témoignent de "la même logique" (Oury). Toutes s’originent de la praxis issue de la Psychothérapie institutionnelle et de la Pédagogie institutionnelle. Au-delà d’une illustration de concepts, ces différentes vignettes tentent de les actualiser dans une métapsychologie en acte avec le tissage d’éléments biographiques, historiques, psychopathologiques, voire oniriques. On y trouvera aussi quelques réflexions articulant l’histoire, le destin, la liberté et la folie dans les pas du chemin tracé par Jean Oury, voie sans itinéraire.
856 41 - ELECTRONIC LOCATION AND ACCESS
Uniform Resource Identifier <a href="https://shs.cairn.info/hommage-a-la-borde--9791034608973?lang=fr&redirect-ssocas=7080">https://shs.cairn.info/hommage-a-la-borde--9791034608973?lang=fr&redirect-ssocas=7080</a>

Pas d'exemplaire disponible.

PLUDOC

PLUDOC est la plateforme unique et centralisée de gestion des bibliothèques physiques et numériques de Guinée administré par le CEDUST. Elle est la plus grande base de données de ressources documentaires pour les Étudiants, Enseignants chercheurs et Chercheurs de Guinée.

Adresse

627 919 101/664 919 101

25 boulevard du commerce
Kaloum, Conakry, Guinée

Réseaux sociaux

Powered by Netsen Group @ 2025